LIBRARY & INFORMATION CENTRE, KCAET, TAVANUR

ONLINE PUBLIC ACCESS CATALOGUE (OPAC)

Soil Fertilized responses and irrigation water in arid and semi avid regios / (Record no. 2783)

MARC details
000 -LEADER
fixed length control field 00463cam a2200169ua 4500
041 ## - LANGUAGE CODE
Language code of text/sound track or separate title eng
082 ## - DEWEY DECIMAL CLASSIFICATION NUMBER
Classification number 631.8
Item number CHO/SO
100 ## - MAIN ENTRY--AUTHOR NAME
Personal name Choudhari , S .
245 ## - TITLE STATEMENT
Title Soil Fertilized responses and irrigation water in arid and semi avid regios /
260 ## - PUBLICATION, DISTRIBUTION, ETC. (IMPRINT)
Place of publication Jodhpur :
Name of publisher Latesh prakashan ,
Year of publication 1980.
300 ## - PHYSICAL DESCRIPTION
Number of Pages 140 ; .
942 ## - ADDED ENTRY ELEMENTS (KOHA)
Koha item type Books
Holdings
Withdrawn status Lost status Damaged status Home library Current library Date acquired Full call number Accession Number Koha item type
      KAUAET KAUAET 07/04/2012 631.8 14476 Books
free website counter